|
|
|
|
| LEADER |
00000naa2a2200000 4500 |
| 001 |
215242 |
| 005 |
20231031193807.0 |
| 035 |
|
|
|a (RuTPU)RU\TPU\book\235143
|
| 035 |
|
|
|a RU\TPU\book\235142
|
| 090 |
|
|
|a 215242
|
| 100 |
|
|
|a 20120505d1980 k y0rusy50 ca
|
| 101 |
0 |
|
|a rus
|
| 102 |
|
|
|a RU
|
| 200 |
1 |
|
|a ВУФ-спектроскопия и дефектообразование в нестехиометрических содалитах
|f В. П. Денкс, Т. В. Руус
|
| 320 |
|
|
|a Библиогр.: с. 121-123 (37 назв.)
|
| 463 |
|
0 |
|0 (RuTPU)RU\TPU\book\235009
|t Вакуумная ультрафиолетовая спектроскопия ионных кристаллов
|o сборник статей
|f Академия наук Эстонской ССР (АН ЭССР), Институт физики (ИФ) ; отв. ред. Т. И. Савихина
|v С. 97-124
|d 1980
|p 206 с.
|s Труды института физики АН ЭССР ; Вып. 51
|
| 700 |
|
1 |
|a Денкс
|b В. П.
|
| 701 |
|
1 |
|a Руус
|b Т. В.
|
| 801 |
|
1 |
|a RU
|b 63413507
|c 20120505
|
| 801 |
|
2 |
|a RU
|b 63413507
|c 20120505
|g RCR
|
| 942 |
|
|
|c BK
|